书目信息 |
| 题名: |
工程制图
|
|
| 作者: | 周鹏翔 , 刘振魁 主编 | |
| 分册: | ||
| 出版信息: | 北京 高等教育出版社 1993.06 |
|
| 页数: | 270页 | |
| 开本: | 26cm | |
| 丛书名: | ||
| 单 册: | ||
| 中图分类: | TB23 | |
| 科图分类: | ||
| 主题词: | 工程制图 | |
| 电子资源: | ||
| ISBN: | 7-04-008009-5 | |
| 000 | 00624nam0 2200217 45 | |
| 001 | 0256092051 | |
| 005 | 2002061115345178 | |
| 010 | @a7-04-008009-5@dRMB 18.50 | |
| 100 | @a20020611d1993 km y0chiy0120 ea | |
| 101 | 0 | @achi |
| 102 | @aCN@b110000 | |
| 200 | 1 | @a工程制图@Agong cheng zhi tu@f周鹏翔,刘振魁主编@Fzhou peng xiang,liu zhen kui zhu bian |
| 205 | @a2版 | |
| 210 | @a北京@c高等教育出版社@d1993.06 | |
| 215 | @a270页@d26cm | |
| 606 | 0 | @a工程制图 |
| 690 | @aTB23@v3 | |
| 701 | 0 | @a周鹏翔@Azhou peng xiang@4主编 |
| 701 | 0 | @a刘振魁@Aliu zhen kui@4主编 |
| 801 | 0 | @aCN@bPFT@c20020611 |
| 905 | @a安徽大学@dTB23@eZ780 | |
| 工程制图/周鹏翔,刘振魁主编.-2版.-北京:高等教育出版社,1993.06 |
| 270页;26cm |
| ISBN 7-04-008009-5:RMB 18.50 |
| ● |
| 相关链接 |
|
|
|
正题名:工程制图
索取号:TB23/Z780
 
预约/预借
| 序号 | 登录号 | 条形码 | 馆藏地/架位号 | 状态 | 备注 |
| 1 | 362686 | 203626861 | 自科库501/501自科库 6排4列1层/ [索取号:TB23/Z780] | 在馆 | |
| 2 | 362687 | 203626870 | 自科库501/501自科库 6排4列1层/ [索取号:TB23/Z780] | 在馆 | |
| 3 | 362688 | 203626889 | 期刊室512/501自科库 6排4列1层/ [索取号:TB23/Z780] | 在馆 |